Miasta w Portugalii - nagła śmierć - Statystyki

Ogólne statystyki
  • Ten quiz został rozwiązany 159 razy
  • Średni wynik to 9 z 15
Answers on the Grid
Answers color-coded by a green-red scale on the quiz's grid according to % correct below.
Agulava-Cacem
Almada
Amadora
Amora
Aveiro
Braga
Brasilia
Coimbra
Ecatepec
Fortaleza
Funchal
La Coruña
Lizbona
Nancy
Odivelas
Porto
Praga
Queluz
Santander
Setubal
Tijuana
Vila Nova de Gaia
Viseu
Zapopan
 
Statystyki odpowiedzi
Odpowiedź % Poprawnych
Porto
94%
Lizbona
93%
Braga
81%
Funchal
76%
Setubal
70%
Aveiro
66%
Coimbra
63%
Vila Nova de Gaia
60%
Amadora
54%
Almada
51%
Odivelas
49%
Agulava-Cacem
47%
Viseu
46%
Amora
44%
Queluz
37%
Nie znaleziono quizów pasujących do podanych kryteriów
Rozkład punktacji
Procent ludzi z każdym wynikiem
Percentyl według liczby udzielonych odpowiedzi
Twoja historia wyników
Nie rozwiązałeś tego quizu